| 000 | 00506nam a2200193 a 4500 | ||
|---|---|---|---|
| 001 | 5965 | ||
| 003 | CDMR | ||
| 005 | 20130403094901.0 | ||
| 008 | 130220s1997||||||||||||||||||||||||||||d | ||
| 020 | _a8492103523 | ||
| 040 |
_aCDMR _bcat _cCDMR |
||
| 100 | 1 |
_aMikimoto _92980 |
|
| 245 | 1 | 0 |
_aQuè pensa Mikimoto _centrevistat per Eva Piquer |
| 260 |
_aBarcelona _bDèria _c1997 |
||
| 300 |
_a119 p ; _c15 cm |
||
| 650 |
_aPeriodistes catalans _vEntrevistes _94 |
||
| 700 | 1 |
_93066 _aPiquer, Eva |
|
| 942 |
_cMON _2udc |
||
| 999 |
_c5965 _d5965 |
||